00438nam a22001217a 450000500170000000800410001702000180005804000130007608200190008924501530010826000400026130000150030120200818181336.0200818b ||||| |||| 00| 0 eng d a9781848727328 cPK-LaUMT a616.8552bISS- aIssues in bilingual aphasia :bAphasiology : an international interdisciplinary journal [vol.34, no.2, February 2010] /cedited by Brendan S. Weekes aNew York :bPsychology Press,c2010 a124-324 p.